| 000 | 00826nam a2200265 i 4500 | ||
|---|---|---|---|
| 001 | 184150 | ||
| 003 | ES-MaACL | ||
| 005 | 20230906222055.0 | ||
| 008 | 150327s1962 sp |||| |bspa d | ||
| 080 | _a929 Péguy, Charles | ||
| 100 | 1 |
_aRoussel, Jean. _9156638 |
|
| 245 | 1 | 0 |
_aPéguy / _cJean Roussel ; prólogo de Daniel Rops ; [traducción... de Rafael Andreu]. |
| 250 | _a1ª ed. | ||
| 260 |
_aBarcelona : _bFontanella, _c1962. |
||
| 300 |
_a145 p. ; _c17 cm. |
||
| 490 | 1 |
_aTestigos del siglo XX ; _v2 |
|
| 504 | _aBibliografía: p. 141-144. | ||
| 597 | _aEn cub.: retr. de Péguy. | ||
| 600 | 1 | 7 |
_aPéguy, Charles. _989969 |
| 700 | 0 |
_aDaniel-Rops. _942631 |
|
| 700 | 1 |
_aAndreu, Rafael. _921638 |
|
| 830 | 0 |
_aTestigos del siglo XX ; _v2 _9192049 |
|
| 852 |
_aES-MaACL _jE-15523 |
||
| 999 |
_c184150 _d184150 |
||